000 00870nam a2200253Ia 4500
003 OSt
005 20220928130711.0
006 a|||||r|||| 00| 0
007 ta
008 220927b |||||||| |||| 00| 0 eng d
020 _c6680.3999999999996
024 _a110406
037 _b220, 10/01/2011, Pioneer Book Distributors
_cTextual
040 _aSDCL
_cSDCL
_beng
041 _2eng
_aeng
082 _aXM8:958.1'P, Q0
100 _aHorrigan Bryan
_9475682
245 0 _aCorporate social responsibility in the 21st century
_b Debates,models and practices across government, law and business.
260 _aCheltenham
_bEdward Elgar
_c2010
300 _axxii,427p.
_ccm.
650 _aBusiness Economics
_9391653
942 _hXM8:958.1'P, Q0
_cTEXL
_2CC
999 _c788184
_d788184